Fascist Leaders in 1936 - Statistics

General Stats
  • This quiz has been taken 225 times
  • The average score is 5 of 16
Answer Stats
Picture Answer % Correct
Adolf Hitler
100%
Benito Mussolini
96%
Francisco Franco
74%
Douglas MacArthur
53%
Philippe Pétain
47%
Oswald Mosley
35%
Puyi
20%
Hiroito
10%
Adrien Arcand
8%
Léon Degrelle
8%
Arthur Seyss-Inquart
7%
Konstantin Rodzaevsky
4%
Bolesław Piasecki
2%
Eleazar López Contreras
2%
Vilho Annala
2%
Plínio Salgado
1%
No matching quizzes found
Score Distribution
Percent of People with Each Score
Percentile by Number Answered
Your Score History
You have not taken this quiz